| Tag |
First Indicator |
Second Indicator |
Subfields |
| LEADER |
00000cam a2200000 a 4500 |
| 001 |
in00000014442 |
| 005 |
20151007052220.0 |
| 008 |
870102s1987 nyu b 00100 eng |
| 010 |
|
|
|a 86034306
|
| 020 |
|
|
|a 1555462774 :
|c $24.50 (est.)
|
| 035 |
|
|
|a (OCoLC)15108743
|
| 035 |
|
|
|9 AAA6808AM
|
| 040 |
|
|
|a DLC
|c DLC
|d TXA
|d UtOrBLW
|
| 049 |
|
|
|a TXAM
|c [A11036338]
|
| 050 |
0 |
0 |
|a PR3424
|b .J6 1987
|
| 082 |
0 |
|
|a 821/.4
|2 19
|
| 245 |
0 |
0 |
|a John Dryden /
|c edited and with an introduction by Harold Bloom.
|
| 264 |
|
1 |
|a New York :
|b Chelsea House,
|c 1987.
|
| 300 |
|
|
|a viii, 234 pages ;
|c 25 cm.
|
| 336 |
|
|
|a text
|b txt
|2 rdacontent
|
| 337 |
|
|
|a unmediated
|b n
|2 rdamedia
|
| 338 |
|
|
|a volume
|b nc
|2 rdacarrier
|
| 490 |
1 |
|
|a Modern critical views
|
| 504 |
|
|
|a Bibliography: pages 223-226.
|
| 500 |
|
|
|a Includes index.
|
| 520 |
|
|
|a A collection of twelve critical essays on the work of Dryden, arranged in chronological order of original publication.
|
| 600 |
1 |
0 |
|a Dryden, John,
|d 1631-1700
|x Criticism and interpretation.
|
| 650 |
|
1 |
|a English literature
|x History and criticism.
|
| 700 |
1 |
|
|a Bloom, Harold.
|
| 830 |
|
0 |
|a Modern critical views.
|
| 999 |
|
|
|a MARS
|
| 999 |
f |
f |
|s df3684e6-6ecb-30db-933f-c32e10a4b84b
|i c27c5b43-5ca1-3a18-a2e7-a64fff548f6d
|t 0
|
| 952 |
f |
f |
|p normal
|a Texas A&M University
|b College Station
|c Sterling C. Evans Library
|d Evans: Library Stacks
|t 0
|e PR3424 .J6 1987
|h Library of Congress classification
|i unmediated -- volume
|m A14811036338
|
| 998 |
f |
f |
|a PR3424 .J6 1987
|t 0
|l Evans: Library Stacks
|